02240njm a2200265Ia 4500001000600000003000900006005001700015008004100032040001300073040001300086041001300099100001100112100001800123100003800141245003700179250001100216260001100227260005800238300001700296300002900313500008400342505142800426650005501854700006501909E7822IT-RoPAU20220918181115.0131025s9999 xx 000 0 und d aIT-RoPAU cIT-RoPAU aITALIANO aAA.VV. eAutore musica gCodice autore musica SPICS: 12000 aCanzoni di Vittorio De Sica (Le) a1a ed. aITALIA bPOLYGRAMc1997 [1a Ed.:1997 - Ed. Lingua Orig.: 1997] aCOMPACT DISC c62 minuti (Testo: pag.) aMusica leggera. Canzone italiana. Antologia storica a cura di Mollica Vincenzo. aParlami d'amore Mariù [(dal film "Gli uomini che mascalzoni") (Bixio Cesare Andrea-Neri Ennio) (4:00)] - Suona fanfara mia [(dal film "La segretaria per tutti") (Coop-Molett) (4:00)] - Tra ta ta! [(Mancini-Galdieri Michele) (3:00)] - La canzone dei volontari [(dal film "Amo te sola") (Allegra) (3:00)] - Allegro yankee [(Bruno C.-Bixio Cesare Andrea) (4:00)] - Lodovico [(Ramo-Mascheroni Vittorio) (3:00)] - Fortunato [(Di Lazzaro Eldo-Cherubini Bixio) (3:00)] - Se non ci fosse quel ma [(Cherubini Bixio-Fragna Armando) (3:00)] - Dammi un bacio e ti dico di si [(dal film "Non ti conosco più") (Cherubini Bixio-Bixio Cesare Andrea) (3:00)] - I quattro amori [(Fragna Armando-Cherubini Bixio) (3:00)] - Sono tre parole [(dal film "Un cattivo soggetto") (Mascheroni Vittorio-Neri Ennio-Buzà) (4:00)] - E' una piccola bionda [(Coop-Neri Ennio-Molett) (4:00)] - Tu, solamente tu [(Galdieri Michele-Frustaci Pasquale) (3:00)] - Dicevo al cuore [(Marf-Mascheroni Vittorio) (3:00) - Tu che mi fai piangere [(Marf-Mascheroni Vittorio) (3:00)] - La canzone è cambiata [(Marchesi-Bertini Umberto-De Meyo) (3:00)] - Munasterio 'e Santa Chiara [(Barberis Alberto-Galdieri Michele) (3:00)] - Suspiranno [(Nardella Emevero-Murolo Roberto) (2:00)] - Moritat-La ballata di Mackie [(Nomen-Weill Kurt) (3:00)] - Signorinella [(Bovio Libero-Valente Nicola) (4:00)] - Parlami d'amore Mariù [(Bixio Cesare Andrea-Neri Ennio) (4:00)] aCANZONE [COMPACT DISC]eCodice MATERIA SPICS: 9949 aDe Sica VittoriogCodice interprete SPICS: 7270eInterprete